01281cam a22003614i 4500003000900000005001700009008004100026020001500067035002700082040003300109082001900142100003000161245005000191264004700241300003800288336002100326337002500347338002300372504003900395505035200434526001000786526001000796526001000806526001000816526000800826526000800834526000800842526000800850526000800858526000800866526000800874650003700882PE-LiUPU20250731173520.0150616s r 000 0 d a0877886474 a(Sirsi) i9780877886471 aPE-LiUPUbspacPE-LiUPUerda04a253.7bP682211 aPlueddemann, Jim,eautor.10aPilgrims in Progress. Growing through Groups. 1aIllinois :bHarold Shaw Publishers,c1984. a165 páginas ;c21 centímetros atext2rdacontent aunmediated2rdamedia avolume2rdacarrier aBibliografía: páginas 155-161.0 aPilgrims of Eternity.- Pilgrim Groups in Historical Perspective.- The Pilgrim's Purpose.- The Nature of Pilgrims.- Aims for Pilgrim Groups.- Methods for Pilgrim Groups.- Pilgrim Keaders.- Benefits and Pitfalls.- Discoveing the Mapáginas- Pointing Pilgrims to the Oath.- World Pilgrims.- Profiles of Pilgrim Groups.- Strengthening Pilgrim Groups. aSEG42 aSEG41 aSEG40 aSEG39 aP94 aP87 aP86 aP85 aP77 aP76 aP3504aPEQUEÑAS GRUPOS - EFECTIVIDAD.